Gerencia y marketing educativo (Record no. 16936)

MARC details
000 -LEADER
campo de control de longitud fija 00708nmm a2200241 a 4500
003 - IDENTIFICADOR DE NÚMERO DE CONTROL
campo de control AR-BaBNM
005 - FECHA Y HORA DE LA ÚLTIMA TRANSACCIÓN
campo de control 20251128210807.0
008 - DATOS DE LONGITUD FIJA--INFORMACIÓN GENERAL
campo de control de longitud fija 076020s2003 ||||||||||||||000 | spa||
040 ## - FUENTE DE CATALOGACIÓN
Centro/agencia transcriptor AR-BaBNM
100 1# - ENTRADA PRINCIPAL--NOMBRE DE PERSONA
Nombre de persona Alvarado Oyarce, Otoniel
245 10 - MENCIÓN DEL TÍTULO
Título Gerencia y marketing educativo
Resto del título herramientas modernas de gestión educativa
250 ## - MENCION DE EDICION
Mención de edición 1ª ed.
260 ## - PUBLICACIÓN, DISTRIBUCIÓN, ETC.
Lugar de publicación, distribución, etc. Lima
Nombre del editor, distribuidor, etc. Universidad Alas Peruanas
Fecha de publicación, distribución, etc. 2003
300 0# - DESCRIPCIÓN FÍSICA
Extensión 182 p.
Otros detalles físicos il, gráfs., tablas
650 #4 - PUNTO DE ACCESO ADICIONAL DE MATERIA--TÉRMINO DE MATERIA
Término de materia o nombre geográfico como elemento de entrada ADMINISTRACION DE EMPRESAS
650 #4 - PUNTO DE ACCESO ADICIONAL DE MATERIA--TÉRMINO DE MATERIA
Término de materia o nombre geográfico como elemento de entrada ORGANIZACION DE LA EDUCACION
653 #0 - TÉRMINO DE INDIZACIÓN--NO CONTROLADO
Término no controlado MARKETING
653 #0 - TÉRMINO DE INDIZACIÓN--NO CONTROLADO
Término no controlado GESTION EDUCATIVA
653 #0 - TÉRMINO DE INDIZACIÓN--NO CONTROLADO
Término no controlado TEORIA DE LAS ORGANIZACIONES
653 #0 - TÉRMINO DE INDIZACIÓN--NO CONTROLADO
Término no controlado CALIDAD TOTAL
942 ## - ELEMENTOS DE ENTRADA SECUNDARIOS (KOHA)
Tipo de ítem Koha Libros
998 ## - INFORMACIÓN DE CONTROL LOCAL (RLIN)
Iniciales del catalogador, CIN (RLIN) me-solo cat
Holdings
Estatus retirado Estado de pérdida Fuente de la clasificación o esquema de estantería Estado de daño Restricciones de uso No para préstamo Biblioteca de origen Biblioteca actual Fecha de adquisición Total de préstamos Signatura topográfica completa Código de barras Visto por última vez Precio de reemplazo Tipo de ítem Koha
    Clasificación Decimal Dewey   Acceso restringido No para préstamo Liberty Liberty 28/11/2025   371.2 ALVG 141677 28/11/2025 28/11/2025 Libros